[Event "Turnier 40 / 120"]
[Site "Wien"]
[Date "2023.01.19"]
[Round "47"]
[White "Mephisto Atlanta SH7034 - 20 MHZ"]
[Black "Mephisto London 68000 - 12 MHZ"]
[Result "0-1"]
[BlackElo "2194"]
[WhiteElo "2192"]

{Analyse -----> Komodo 13.02.} 1. d4 d5 2. Nf3 Nf6 3. c4 dxc4 4. e3 e6 5.
Bxc4 c5 6. O-O a6 7. Qe2 b5 8. Bb3 Bb7 9. Rd1 Nbd7 10. Nc3 Qb6 11. a4
{Buchende} b4 {Buchende} 12. Nb1 {Buchbewertung Mephisto Atlanta: -0,2}
cxd4 {Buchbewertung Mephisto London 68000: +0,24 / lt. Komodo steht Weiss
eine Nuance besser mit ca. +0,30} 13. Nxd4 Qc7 14. Nd2 Bd6 15. N2f3 Nc5 16.
Bc4 O-O 17. b3? {ein schlechter Zug, danach steht Schwarz klar besser,
Komodo +1,00 mit der Fortsetzung Sce4, nötig war Ld2 mit Ausgleich} Nce4
18. Bb2 Nc3 19. Bxc3 bxc3 20. Rac1 Ne4 21. Bxe6??? {ein Verlustzug, das ist
zu materialistisch gedacht, klar Weiss zielt darauf ab Turm + 2 Bauern für
2 Leichtfiguren zu bekommen, was ja rein materiell sogar vorteilhaft für
Weiss ist, positionell ist dieser Zug aber natürlich eine Katastrophe, kein
menschlicher Spieler würde das spielen, der Freibauer auf c3 kann danach
aufgrund einfach fehlender Figuren praktisch nicht mehr angegriffen werden
und mit einer Mehrfigur für Schwarz ist der natürlich auf ewig zu
verteidigen, nach dem Textzug ist die Partie klar verloren, Komodo -2,00
(der Fairness halber sei noch gesagt, obwohl kein Mensch das spielen würde
aber Mephisto London 68000 hatte es ebenfalls vorgeschlagen, da wollte er
wohl den Gegner auf das Glatteis führen -:))} fxe6 22. Nxe6 Qf7 23. Nxf8
Rxf8 24. Qc4??? {Mephisto Atlanta: 0,0 ??, hier liegt er völlig daneben
sowohl mit seiner Einschätzung als auch mit der Zugwahl, nach dem Textzug
ist alles aus, Komodo -3,00, deutlich mehr Widerstand leistet noch Txd6,
Sxd6, Txc3 und der schwarze Freibauer fällt immerhin} Qxc4 {richtig, aber
Mephisto London 68000 sieht auch erst geringen Vorteil, Bewertung: +0,30,
aber ist natürlich egal, das spielt sich schon von selbst, hier gewinnt
schon jede plausible Fortsetzung, den Rest braucht man nicht mehr zu
kommentieren, auch wenn nicht immer die allerbesten Züge gemacht werden,
diese Stellung ist einfach hoffnungslos für Weiss.} 25. bxc4 Bb4 26. Rd7
Bc6 27. Rd4 Ba3 28. Re1 c2 29. Ne5 Bb7 30. Nd3 Nxf2 31. Nxf2 c1=Q 32. Rxc1
Bxc1 33. Ng4 Rc8 34. Kf2 h5 35. Ne5 Bb2 36. g3??? {Rest geschenkt / einfach
schlecht von Atlanta} 0-1
[/pgn]
[pgn]

[Event "Turnier 40 / 120"]
[Site "Wien"]
[Date "2022.09.04"]
[Round "48"]
[White "Mephisto London 68000 - 12 MHZ"]
[Black "Mephisto Atlanta SH 7034 - 20 MHZ"]
[Result "1-0"]
[BlackElo "2192"]
[WhiteElo "2194"]

{Analyse -----> Komodo 13.02.} 1. e4 e5 2. Nf3 Nf6 3. d4 exd4 4. e5 Ne4 5.
Qxd4 d5 6. exd6 Nxd6 7. Nc3 Nc6 8. Qf4 g6 {Buchende} 9. Bb5 Bg7
{Buchbewertung Mephisto Atlanta: -0,1} 10. Bxc6+ bxc6 11. O-O O-O 12. Be3
{Buchende} Bf5 13. Bd4 {Buchbewertung Mephisto London 68000: +0,24 lt.
Komodo steht Weiss etwas besser mit ca. +0,50 / diese Eröffnung gab es auch
gegen Mephisto Magellan, damals verlor Mephisto London 68000 unnötig in
dieser Partie verschenkte er nach klar gewonnener Stellung den ganzen
Punkt.} Rb8 14. b3 Bxc2?? {Mephisto Atlanta: -0,2 ??? ein Verlustzug,
danach ist die Partie sofort verloren, Komodo -2,00 mit der Fortsetzung
Lxg7, Magellan machte den gleichen Fehler bisher verläuft die Partie
parallel, hier ist bereits die angesprochene klare Gewinnstellung für
Mephisto London 68000} 15. Bxg7 {Mephisto London 68000 sieht sich gleich
klar im Vorteil: +0,75} Kxg7 {Mephisto Atlanta: -1,0 erkennt das Problem zu
spät} 16. Nd4! {sonnenklar, damit ist die Partie gelaufen} Ne4 17. Nce2 Bd3
18. Nxc6 Qd6 19. Qxd6 Nxd6 20. Nxb8 Bxe2 21. Rfe1 Bb5 22. a4 Rxb8 23. axb5
Nxb5 24. Rec1 Rb7 25. Ra4 f5 26. f3 Rb6 {hier kommt nun die Abweichung zur
Partie gegen Mephisto Magellan, das ist natürlich aus Sicht von Atlanta
unglücklich, denn damit gibt er London 68000 nicht mehr die Möglichkeit,
das genauso zu vergurken wie gegen Magellan, Magellan spielte hier 26. Kf6
/ die Stellung ist natürlich klar verloren für Schwarz, Komodo -2,30} 27.
Kf2 Kf6 28. g4 {schwächer als Th4, aber Weiss steht klar auf Gewinn, Komodo
+1,70} h5??? {also das ist natürlich indiskutabel, danach kann man getrost
den Stecker ziehen, damit ist natürlich alles aus, Komodo -3,00 !!!,
unnötig zu sagen, dass natürlich fxg4 nötig war.} 29. gxh5 gxh5 30. Rc5!
{sonnenklar} a6 31. Ke3! {ebenfalls sonnenklar, mein letzter Kommentar zu
dieser Partie, hier ist es bereits ein Selbstläufer und das Ergebnis ist in
Stein gemauert, da kann man sich die restlichen Kommentare getrost schenken
und lässt es für sich sprechen, Komodo +3,50} Rd6 32. Rf4 Re6+ 33. Kd3 Nd6
34. Rc6 Re1 35. Rxa6 Rb1 36. Rb4 Ke7 37. Rc6 Kd7 38. Rc2 Rf1 39. Ke3 Re1+
40. Kf2 Re8 41. Rc5 Kc8 42. Rh4 Rh8 43. Rd4 Kb7 44. Rb4+ Kc8 45. Ke3 Re8+
46. Kf4 Re2 47. h4 Re8 48. Rb6 Kd7 49. Rbc6 {Rest geschenkt} 1-0
[/pgn]
[pgn]

[Event "Turnier 40 / 120"]
[Site "Wien"]
[Date "2023.01.20"]
[Round "49"]
[White "Mephisto Atlanta SH7034 - 20 MHZ"]
[Black "Mephisto London 68000 - 12 MHZ"]
[Result "0-1"]
[BlackElo "2194"]
[WhiteElo "2192"]

{Analyse ----> Komodo 13.02.} 1. e4 e5 2. Nf3 Nc6 3. Bc4 Bc5 4. Nc3 Nf6 5.
d3 d6 6. Bg5 h6 7. Bxf6 Qxf6 8. Nd5 Qd8 9. c3 {Buchende} a6 10. d4
{Buchbewertung Mephisto Atlanta: -0,1} exd4 11. cxd4 Ba7 {Buchende} 12. Rc1
O-O {Buchbewertung Mephisto London 68000: -0,18 / lt. Komodo ist die
Stellung exakt im Lot 0,00} 13. O-O? {ein schlechter Zug, danach steht
Schwarz klar besser, nötig war h3, um die lästige Fesselung mit Lg4 zu
verhindern, Komodo -0,80} Re8 {klar schwächer als Lg4, die Stellung ist
wieder im Lot} 14. Re1 Na5 15. Bd3 c6? {ein schlechter Zug, deutlich
vorzuziehen ist c5, Komodo -1,20} 16. Ne3 {klar schwächer als Sf4, Komodo
+0,60} c5 17. d5? {eindeutig der falsche Zentrumsbauer, etwas Vorteil
versprach noch e5 mit ca. +0,70, nach dem Textzug ist jeglicher Vorteil
dahin, die Stellung ist wieder im Lot} b5 18. b3 Qf6 19. a3 Bb6 20. Re2 Bd7
21. Nd2 Nb7 22. f3? {ein schlechter Zug, danach steht Schwarz bereits klar
besser, Komodo +1,00, deutlich besser ist h3} Qg5 23. Qe1 Ba5 24. Rb1 Bc3
25. Qf2 Bd4 26. f4 Qh5 27. Nf3? {dieser eigentlich logisch aussehende Zug
ist ganz schlecht, danach ist Schwarz bereits klar im Vorteil, Komodo +1,40
mit der Fortsetzung c4, deutlich besser ist Kh1, das muss man aber auch
erst mal sehen, ich selbst hätte wohl auch Sf3 gezogen} f5? {eine
komplizierte Stellung in der beide Geräte Probleme haben, der Textzug
verspielt den gesamten Vorteil, die Stellung ist wieder im Lot} 28. Nxd4
fxe4 29. Bxb5 axb5 30. Ndc2 Rf8 31. Rbe1 {Atlanta hat hier etwas Pech,
verwirft mit gleicher Bewertung den klar besser Zug b4 im lezten
Augenblick, er bewertet b4 als auch den Textzug mit -0,4, die Differenz ist
also nur im Nachkommabereich, Hundertstel, nach dem Textzug ist Schwarz
wieder etwas im Vorteil, Komodo +0,60, nach b4 wäre die Stellung im Lot
gewesen} Rae8 {besser ist Df7, die Stellung ist wieder im Lot} 32. Qg3 Rf6
33. Rd2 Na5 34. Rb1 Ref8 35. b4 cxb4 36. axb4 Nc4 37. Nxc4 bxc4 38. Ne3?
{völlig falsch danach steht Schwarz bereits klar auf Gewinn, Komodo -1,20,
deutlich besser ist b5 mit ca. -0,60} Rxf4 39. Nxc4? {genau das ist das
Problem, der Bauer darf auf keinen Fall genommen werden, nach dem Textzug
ist die Partie bereits klar verloren, Komodo -2,10 mit der Fortsetzung
T8f6, deutlich besser ist noch Ta2 mit ca. -1,20} Bb5 {schwächer als T8f6,
aber Schwarz steht klar auf Gewinn, Komodo +1,40} 40. Ne3 R4f6 {besser ist
Ld3, Komodo +1,00} 41. Ra1 Rg6 {besser ist Ld3, langsam schwindet der
Vorteil von Schwarz, Komodo +0,70} 42. Qe1 Qg5 43. Kh1 Rgf6 44. Rda2
{besser ist Dg3, das hätte die Stellung bereits ausgeglichen, nach dem
Textzug ist Schwarz wieder etwas im Vorteil im ca. +0,70} R6f7 45. Ra8 Qf6
46. Rxf8+ {gleicher Kommentar wie bei Zug 44, wieder hätte Dg3 die Stellung
ausgeglichen, nach dem Textzug bleibt Schwarz leicht im Vorteil mit ca.
+0,70} Rxf8 47. Ra7 Qd4 48. Ra5 Bd3 49. h4 Rf7? {verspielt den letzten
Vorteil, danach ist die Partie bereits Remis, Komodo 0,00, etwas Vorteil
versprach noch De5} 50. Ra8+ Kh7 51. Kh2 h5? {ein schlechter Zug, danach
ist Weiss im Vorteil, Komodo +1,00 mit der Fortsetzung Dg3, nötig war Tf4
mit Ausgleich} 52. Rb8? {Mephisto Atlanta macht nichts draus, nach dem
Textzug ist die Stellung wieder im Lot, Komodo 0,00} Rf4 53. Re8 Qf6 54.
Re6??? {ein absoluter Katastrophenzug, danach ist die Partie sofort
verloren, Komodo -6,00 !!! mit der Fortsetzung Txh4 (der Fairness halber
sei noch gesagt: auch Mephisto London 68000 hatte das vorgeschlagen), Remis
gehalten hätte Kg1} Rxh4+ 55. Kg1 Qg5 56. Rxd6 Rh3 57. Nc4 Rg3 58. Qd2 Bxc4
{Rest geschenkt} 0-1
[/pgn]
[pgn]

[Event "Turnier 40 / 120 "]
[Site "Wien"]
[Date "2023.01.21"]
[Round "50"]
[White "Mephisto London 68000 - 12 MHZ"]
[Black "Mephisto Atlanta SH7034 - 20 MHZ"]
[Result "0-1"]
[BlackElo "2192"]
[WhiteElo "2194"]

{Analyse -----> Komodo 13.02.} 1. e4 e5 2. Nf3 Nc6 3. Bb5 a6 4. Ba4 Nf6 5.
O-O Be7 6. Re1 b5 7. Bb3 O-O 8. a4 Bb7 9. d3 d6 {Buchende} 10. Bd2
{Buchende} b4 {Buchbewertung Mephisto Atlanta: -0,1} 11. a5 {Buchbewertung
Mephisto London 68000: +0,24 / lt. Komodo steht Weiss etwas besser mit ca.
+0,30} Rb8 12. c3 bxc3 13. Nxc3 Bc8 14. h3 Nb4 15. Bc4 c5 16. Bg5 Nc6 17.
Qa4 Nd4 {weniger gut, der Springer sollte wieder nach b4, Komodo -0,50} 18.
Nxd4 cxd4 19. Nd1??? {ein Verlustzug, danach ist die Partie bereits
verloren, Komodo -2,00 mit der Fortsetzung Sh5, nötig war Lxf6 mit leichtem
Vorteil für Weiss, mit ca. +0,50} Nh5! 20. Bd2 Bg5! 21. Bb4??? {ein
weiterer ganz schlechter Zug, danach ist alles vorbei, büsst weitere ganze
4 Bauerneinheiten !! ein, Komodo -6,00, deutlich mehr Widerstand leistet
Dc2} Nf4 22. Kh2 Bxh3!! {Mephisto Atlanta: +1,2 / Atlanta greift hier
gnadenlos an und macht bereits zum 4x in Folge den bestmöglichen Zug,
Komodo +8,00} 23. g3?? {nochmals um ganze 5 Bauerneinheiten !! schlechter
als Dc6, Komodo -13,00} Bg4? {büsst 5 Bauerneinheiten ein, hier gewinnt
aber schon alles, Komodo +8,00, besser ist Df6} 24. Bxa6??? {büsst ganze 17
Bauerneinheiten !! ein, deutlich mehr Widerstand leistet noch f3, aber es
ist hier schon egal, Komodo -25,00} Qf6! 25. Rh1 Bf3 26. Kg1 Ne2+ 27. Kf1
Nxg3+ 28. Ke1 Nxh1 29. Bd2 {Merphisto London 68000: -10,0 ----> aufgegeben
!} 0-1
[/pgn]